00770nam a22002537a 45000010005000000030009000050050017000140070005000310080034000360200015000700400022000850920015001071000027001222450087001492600036002363000024002725040023002969100008003199420012003279450033003399520109003729560020004819990015005010169DO-SdBNP20171214092305.00169151005b 200 2001 xxu 00| 0 spa d a0439384877 aBPMSUbspacBPMSU aXXXXbXXXX1 aDewey, Jennifer Owings10aAntarctic journalbfour months at the botton of the world /cJennifer Owings Dewey aNew York :bScholastic, c2001. a64 p :bil.c23 cm. aBibliografia p: 64 a144 2ddccBK ainventariado extranjero / DG 00102ddc40708EXTaBPMETbBPMETd2016-03-14eDonaciónl0pBPMET16030093r2016-03-14w2016-03-14yBK aYngrid Lockward c9219d9219